000 00528nam a2200217Ia 4500
003 OSt
005 20230418093321.0
008 210423s2010 xx 000 0 und d
020 _a9788131308431
024 _cAL
040 _cAL
041 _aeng
082 _a368.03 SINS
100 _aSINGH (S R).
_989668
245 _aDictionary of insurance.
260 _aNew Delhi
_bA P H Publishing Corporation
_c2010
300 _axiii,287
_bHB
365 _b595
_cINR
906 _aDictionary ; insurance.
942 _2ddc
_cBK
999 _c159999
_d159999